| 000 | 00818nam a22002775i 4500 | ||
|---|---|---|---|
| 001 | 20666811 | ||
| 003 | JO-AjAnu | ||
| 005 | 20241019091030.0 | ||
| 008 | 180912s2019 nyu 000 0 eng | ||
| 010 | _a 2018958054 | ||
| 020 | _a9780500294888 | ||
| 040 |
_aDLC _beng _erda _cDLC _dJO-AjAnu |
||
| 042 | _apcc | ||
| 050 |
_aNA2600 _b2021 |
||
| 100 | 1 | _aHutchison, Edward. | |
| 245 | 1 | 0 |
_aDrawing for landscape Architecture / _cEdward Hutchison. |
| 264 | 1 |
_aNew York, NY : _bThames & Hudson, _c2021. |
|
| 300 | _a 255 pages | ||
| 336 |
_atext _btxt _2rdacontent |
||
| 337 |
_aunmediated _bn _2rdamedia |
||
| 338 |
_avolume _bnc _2rdacarrier |
||
| 650 | 0 |
_aArchitecture- Drawing for landscape _966277 |
|
| 906 |
_a0 _bibc _corignew _d2 _eepcn _f20 _gy-gencatlg |
||
| 942 |
_2lcc _cBK _n0 |
||
| 999 |
_c33706 _d33706 |
||